000 00981nam a22002537a 4500
001 6145
003 FISKH
005 20250319165152.0
008 250319b cb ||||| |||| 00| 0 eng d
020 _a9780531187418
040 _aFISKH
_beng
_cFISKH
_dFISKH
050 _aTL789.3 .G675
082 _a001.942
100 _aGrace, N. B.
245 _aUFOs :
_bWhat scientists say may shock you! /
_cBy N. B. Grace
260 _aNew York :
_bScholastic ;
_c2008.
300 _a64 pages :
_bcolor illustrations , maps ;
_c23 cm .
490 _a24/7 Mystery Files, 24/7: Science Behind the Scenes (Mystery Files)
520 _aStrange "fires in the sky," flying saucers, little green men with huge eyes, all are sightings people have claimed to have encountered. Are they real, or do they just show how our eyes can play tricks on us?
650 _aDraw conclusions
_vNon-fiction
650 _aUnidentified flying objects
_vNon-fiction
942 _2ddc
_cBK
_n0
999 _c6145
_d6145